Odmeňovanie v podniku bakalárska práca

Gespeichert in:
Bibliographische Detailangaben
1. Verfasser: Špilárová, Jarmila
Körperschaft: Fakulta podnikového manažmentu EU. Katedra podnikovohospodárska
Weitere Verfasser: Pacek, Martin
Format: Buch
Sprache:Slowakisch
Veröffentlicht: Bratislava 2010
Tags: Tag hinzufügen
Keine Tags, Fügen Sie das erste Tag hinzu!

MARC

LEADER 00000nbm a2200000 4500
001 0133641
005 20161109111541.5
041 0 |a slo 
044 |a SK 
245 1 0 |a Odmeňovanie v podniku  |b bakalárska práca  |c Jarmila Špilárová ; školiteľ: Martin Pacek 
264 1 |a Bratislava  |c 2010 
300 |a 48 s. 
100 1 |a Špilárová, Jarmila 
700 1 |a Pacek, Martin 
710 2 |a Fakulta podnikového manažmentu EU. Katedra podnikovohospodárska